| 000 | 01229naa a22002174i 4500 | ||
|---|---|---|---|
| 001 | 768714001 | ||
| 003 | CO-MdFUSB | ||
| 005 | 20260313092512.0 | ||
| 008 | 190215b ||||| |||| 00| 0 eng d | ||
| 022 | _a0210-104 | ||
| 040 |
_aCO-MdFUSB _bspa _cCO-MdFUSB _dCO-MdFUSB |
||
| 041 | _aspa | ||
| 100 |
_aPoorthuis, Marcel _eautor |
||
| 245 | 1 | 3 |
_aEl mesianismo entre la razón y la locura : _bmaimonides sobre el Mesías _c/ Marcel Poorthuis |
| 300 |
_aNúmero 245 (1993), páginas 89-102 _c: 21 cm |
||
| 520 | _a"Desde Moisés hasta Moisés no hay nadie más que Moisés". Con estas palabras honra el judaísmo al genio de Moisés Maimónides, que se llamaba también Rambam. Nació en la tarde del Pesah del año 1135 en Córdoba. Y llegó a ser médico, rabínico y filósofo. El respeto del que goza no nos hace sospechar hasta qué punto su obra, en tiempo ya de su vida, fue objeto de controversias y siguió siéndolo durante siglos después de su muerte, en 1204, dando lugar a acalorados debates. | ||
| 650 | 7 |
_aJudaísmo _96881 |
|
| 773 | 0 |
_049450 _960419 _oR0327 _tRevista internacional de teología Concilium _w(CO-MdFUSB)8 _x0210-1041 _gNúmero 245 (1993), páginas 89-102 _qPágina |
|
| 942 | _cANA | ||
| 945 | _aJTF-925 | ||
| 999 |
_c64810 _d64810 |
||